Statistics for The ACTUAL Best Picture

Click here to take the quiz!

General Stats

  • This quiz has been taken 13 times
  • The average score is 12 of 15

Answer Stats

YearAward WinnerActual Best PictureHint% Correct
1981Chariots of FireRaiders of the Lost ArkIndiana Jones
100%
1998Shakespeare in LoveSaving Private RyanIntense WW2 Drama
100%
2016MoonlightLa La LandHollywood Romance
92%
2010The King's SpeechThe Social NetworkTech Billionaire at Harvard
92%
2009The Hurt LockerAvatarDances with Wolves, in Space
85%
1977Annie HallStar WarsSpace Opera
85%
2005CrashBrokeback MountainCowboys
77%
1941How Green Was My ValleyCitizen KaneBest Movie Ever?
77%
1990Dances with WolvesGoodfellasNY Gangsters
77%
2015SpotlightMad Max: Fury RoadPost-Apocalyptic Car Chases
77%
1994Forrest GumpPulp FictionLA Gangsters
77%
2018Green BookA Star is BornSongwriting Duo
69%
1996The English PatientFargoMinnesota Kidnapping
69%
1989Driving Miss DaisyDead Poets SocietyNew England Teacher
54%
1985Out of AfricaWitnessAmish Police Informant
38%

Score Distribution

Percentile by Number Answered

Percent of People with Each Score

Your Score History

You have not taken this quiz